Ibrahim Mohammad
Chattahoochee A
Categories
Science - Chemistry | 8 | 2 | 0 | 0 | 140 | 21 | 52.70 | 1 | 6 |
Science - Physics | 1 | 7 | 0 | 0 | 85 | 64 | 86.75 | 1 | 2 |
RMP - Islam | 0 | 4 | 0 | 0 | 40 | 72 | 94.25 | 0 | 0 |
Science - Biology | 0 | 3 | 0 | 0 | 30 | 73 | 85.33 | 0 | 0 |
Science - Earth | 0 | 2 | 0 | 0 | 20 | 74 | 93.00 | 0 | 0 |
Science - Computer Science | 0 | 2 | 0 | 0 | 20 | 67 | 93.00 | 0 | 0 |
Science - Astronomy | 1 | 0 | 0 | 0 | 15 | 56 | 56.00 | 0 | 0 |
Science - Engineering and Miscellaneous | 0 | 1 | 0 | 0 | 10 | 118 | 118.00 | 0 | 0 |
Science - Math | 0 | 1 | 0 | 0 | 10 | 111 | 111.00 | 0 | 0 |
Social Science - Psychology | 0 | 1 | 0 | 0 | 10 | 100 | 100.00 | 0 | 0 |